000 00436cam a22001457a 4500
008 180718b1963 xxu||||| |||| 00| 0 eng d
082 _aA6x5403 H95
100 _aHusain, Yusuf
245 _aThe First Nizam: the life and times of Nizamul - Mulk Asaff Jah I.
_cby Yusuf Husain
260 _aBombay
_bAsia Pub.
_c1963
300 _a267p.
500 _aRs.17.50
650 _aHyderabad - History
650 _aIndia - History - 1526 - 1707
999 _c368959
_d368959